Was sind das denn für Länder? - Statistiken

Allgemein
  • Dieses Quiz wurde 369 mal gespielt
    312 seit der letzten Aktualisierung
  • Das Durchschnittsergebnis liegt bei 6 aus 12
Antwortstatistiken
1. neues Land 2. neues Land % Korrekt
Mexovo Kosiko
96%
Bhukei Türtan
85%
Tuvaco Monalu
60%
Uganei Brunda
58%
Indola Angien
57%
Israma Panael
51%
Irlarn Ungand
47%
Gamyen Libbia
45%
Guiana Guynea
36%
Belait Kuwize
34%
Malada Kanawi
26%
Tscern Zyphad
26%
Keine übereinstimmenden Quizze gefunden
Verteilung der Resultate
Anzahl Personen mit jedem Resultat
Perzentil nach korrekt beantworteten Fragen
Ihre Resultats-Entwicklung
Sie haben dieses Quiz seit der letzten Aktualisierung nicht gespielt